Catholic University of Zimbabwe Library
Online Public Access Catalogue
(OPAC)

Willful disregard : (Record no. 15256)

MARC details
000 -LEADER
fixed length control field 02693cam a2200385 i 4500
001 - CONTROL NUMBER
control field 18750341
005 - DATE AND TIME OF LATEST TRANSACTION
control field 20200612124649.0
008 - FIXED-LENGTH DATA ELEMENTS--GENERAL INFORMATION
fixed length control field 150819s2015 nyu 000 1 eng
010 ## - LIBRARY OF CONGRESS CONTROL NUMBER
LC control number 2015021021
020 ## - INTERNATIONAL STANDARD BOOK NUMBER
International Standard Book Number 9781590517611 (paperback)
020 ## - INTERNATIONAL STANDARD BOOK NUMBER
Canceled/invalid ISBN 9781590517628 (e-book)
040 ## - CATALOGING SOURCE
Original cataloging agency DLC
Language of cataloging eng
Transcribing agency DLC
Description conventions rda
Modifying agency DLC
041 1# - LANGUAGE CODE
Language code of text/sound track or separate title eng
Language code of original swe
042 ## - AUTHENTICATION CODE
Authentication code pcc
050 00 - LIBRARY OF CONGRESS CALL NUMBER
Classification number PT9876.1.N35342
Item number E4413 2015
082 00 - DEWEY DECIMAL CLASSIFICATION NUMBER
Classification number 839.73/8
Edition number 23
084 ## - OTHER CLASSIFICATION NUMBER
Classification number FIC044000
-- FIC019000
-- FIC025000
Number source bisacsh
100 1# - MAIN ENTRY--PERSONAL NAME
Personal name Andersson, Lena,
Dates associated with a name 1970-
Relator term author.
240 10 - UNIFORM TITLE
Uniform title Egenmäktigt förfarande.
Language of a work English
245 10 - TITLE STATEMENT
Title Willful disregard :
Remainder of title a novel about love /
Statement of responsibility, etc. Lena Andersson ; translated from the Swedish by Sarah Death.
264 #1 - PRODUCTION, PUBLICATION, DISTRIBUTION, MANUFACTURE, AND COPYRIGHT NOTICE
Place of production, publication, distribution, manufacture New York :
Name of producer, publisher, distributor, manufacturer Other Press,
Date of production, publication, distribution, manufacture, or copyright notice 2015.
300 ## - PHYSICAL DESCRIPTION
Extent 196 pages ;
Dimensions 22 cm
336 ## - CONTENT TYPE
Content type term text
Source rdacontent
337 ## - MEDIA TYPE
Media type term unmediated
Source rdamedia
338 ## - CARRIER TYPE
Carrier type term volume
Source rdacarrier
520 2# - SUMMARY, ETC.
Summary, etc. "Winner of the August Prize, Sweden's most prestigious literary award: a novel about a perfectly reasonable woman's descent into the delusions of unrequited love. Ester Nilsson is a sensible person in a sensible relationship. Until the day she is asked to give a lecture on famous artist Hugo Rask. The man himself is in the audience, intrigued and clearly delighted by her fascination with him. When the two meet afterward, she is spellbound. Ester's life is then intrinsically linked to this meeting and the chain of events that unfolds. She leaves her boyfriend and throws herself into an imaginary relationship with Hugo. She falls deeply in love, and he consumes her thoughts. Indeed, in her own mind she's sure that she and Hugo are a couple. Slowly and painfully Ester comes to realize that her perception of the relationship is different from his. She's a woman who prides herself on having a rational and analytical mind, but in the face of her overpowering feelings for Hugo, she is too clever and too honest for her own good. Bitingly funny and darkly fascinating, Willful Disregard is a story about total and desperate devotion, and how willingly we betray ourselves in the pursuit of love"--
Assigning source Provided by publisher.
650 #7 - SUBJECT ADDED ENTRY--TOPICAL TERM
Topical term or geographic name entry element FICTION / Contemporary Women.
Source of heading or term bisacsh
650 #7 - SUBJECT ADDED ENTRY--TOPICAL TERM
Topical term or geographic name entry element FICTION / Literary.
Source of heading or term bisacsh
650 #7 - SUBJECT ADDED ENTRY--TOPICAL TERM
Topical term or geographic name entry element FICTION / Psychological.
Source of heading or term bisacsh
655 #7 - INDEX TERM--GENRE/FORM
Genre/form data or focus term Love stories.
Source of term gsafd
700 1# - ADDED ENTRY--PERSONAL NAME
Personal name Death, Sarah,
Relator term translator.
856 42 - ELECTRONIC LOCATION AND ACCESS
Materials specified Cover image
Uniform Resource Identifier <a href="9781590517611.jpg">9781590517611.jpg</a>
906 ## - LOCAL DATA ELEMENT F, LDF (RLIN)
a 7
b cbc
c orignew
d 1
e ecip
f 20
g y-gencatlg
942 ## - ADDED ENTRY ELEMENTS (KOHA)
Source of classification or shelving scheme
Koha item type OS Book
Classification part PT9876.1.N35342.E4413
Holdings
Withdrawn status Lost status Source of classification or shelving scheme Damaged status Not for loan Home library Current library Shelving location Date acquired Source of acquisition Coded location qualifier Cost, normal purchase price Inventory number Total Checkouts Full call number Barcode Date last seen Copy number Cost, replacement price Price effective from Koha item type Uniform Resource Identifier
          CUZ Harare Campus CUZ Harare Campus Open Shelf 12.06.2020 Donation Donation 15.00 CU14020   PT9876.1.N35342.E4413 BK008622 22.05.2025 1 15.00 10.03.2020 OS Book  
          CUZ Harare Campus CUZ Harare Campus Open Shelf 12.06.2020 Donation   15.00 CU14019   PT9876.1.N35342.E4413 BK008614 22.05.2025 2 2020.00 10.03.2020 OS Book Donation
          CUZ Harare Campus CUZ Harare Campus Open Shelf 12.06.2020 Donation   15.00 CU14021   PT9876.1.N35342.E4413 BK008619 22.05.2025 3 15.00 10.03.2020 OS Book  
          CUZ Harare Campus CUZ Harare Campus Open Shelf 12.06.2020 Donation   15.00 CU14018   PT9876.1.N35342.E4413 BK008741 22.05.2025 4 15.00 10.03.2020 OS Book  

OPENING HOURS

Weekdays: 0815hrs - 1800hrs
Weekends:0900hrs - 1200hrs

Closed for Mass:

Mon, Thur: 1200hrs - 1300hrs
Sunday & Public Holiday’s

CALL SUPPORT

0242-570570, 0242-570169
09200664, +263 8644140602

LOCATION

18443, Cranborne Avenue, Hatfield, Harare

Other Links


©2021 | CUZ Library